Tongass Odyssey Seeing the Forest Ecosystem through the Politics of Trees.A Biologist's Memoir (Record no. 2219)

MARC details
000 -LEADER
fixed length control field 00380nam a22001217a 4500
008 - FIXED-LENGTH DATA ELEMENTS--GENERAL INFORMATION
fixed length control field 250311b |||||||| |||| 00| 0 eng d
020 ## - INTERNATIONAL STANDARD BOOK NUMBER
ISBN 9781602234260
100 ## - MAIN ENTRY--AUTHOR
Author Schoen John
245 ## - TITLE STATEMENT
Title Tongass Odyssey Seeing the Forest Ecosystem through the Politics of Trees.A Biologist's Memoir
260 ## - PUBLICATION, DISTRIBUTION, ETC. (IMPRINT)
Place of publication Faibanks
Date of publication 2020
Name of publisher University of Alaska Press
942 ## - ADDED ENTRY ELEMENTS (KOHA)
Item type Books
050 ## - LIBRARY OF CONGRESS CALL NUMBER
Classification number QH31
Item number .S36
Holdings
Source of classification or shelving scheme Not for loan Permanent location Current location Date acquired Accession No. Full call number Barcode. Koha item type
Library of Congress Classification   Samuel Ogbemudia Main Library, University of Abuja Samuel Ogbemudia Main Library, University of Abuja 03/11/2025 2024/63728 QH31.S36 2025-0460 Books